Loading...
| Current Events | 1 | 10.00 | 100% | 0% | 0% |
| Fine Arts - Classical Music | 7 | 17.14 | 71% | 71% | 29% |
| Fine Arts - Other | 4 | 12.50 | 75% | 50% | 0% |
| Fine Arts - Painting and Sculpture | 5 | 18.00 | 100% | 80% | 0% |
| History - American | 8 | 11.25 | 75% | 38% | 0% |
| History - European | 6 | 8.33 | 83% | 0% | 0% |
| History - Other | 3 | 6.67 | 67% | 0% | 0% |
| History - World | 3 | 10.00 | 100% | 0% | 0% |
| Literature - American | 4 | 7.50 | 50% | 25% | 0% |
| Literature - British | 3 | 16.67 | 100% | 67% | 0% |
| Literature - European | 2 | 5.00 | 50% | 0% | 0% |
| Literature - World | 5 | 12.00 | 80% | 40% | 0% |
| Mythology | 4 | 10.00 | 75% | 25% | 0% |
| Other Academic | 1 | 10.00 | 0% | 100% | 0% |
| Philosophy | 5 | 12.00 | 100% | 20% | 0% |
| Pop Culture | 1 | 10.00 | 100% | 0% | 0% |
| Religion | 4 | 12.50 | 100% | 25% | 0% |
| Science - Biology | 3 | 10.00 | 67% | 0% | 33% |
| Science - Chemistry | 6 | 11.67 | 100% | 17% | 0% |
| Science - Other | 6 | 15.00 | 100% | 50% | 0% |
| Science - Physics | 6 | 8.33 | 83% | 0% | 0% |
| Social Science | 4 | 12.50 | 100% | 25% | 0% |